Employer perspectives on employment of people with disabilities.

Bibliographic Details
Corporate Author: United States. Office of Disability Employment Policy
Format: Government Document eBook
Language:English
Published: [Washington, DC] : U.S. Dept. of Labor, Office of Disability Employment Policy, [2009]
Subjects:
Online Access:https://purl.fdlp.gov/GPO/gpo12341

MARC

Tag First Indicator Second Indicator Subfields
LEADER 00000cam a2200000 a 4500
001 in00002733421
005 20211120163110.0
006 m d f
007 cr cn|||||||||
008 110907s2009 dcua o f000 0 eng c
035 |a (OCoLC)ocn750179790 
040 |a GPO  |c GPO  |d MvI  |d UtOrBLW 
042 |a pcc 
043 |a n-us--- 
049 |a WWW 
074 |a 0783-F (online) 
086 0 |a L 41.2:EM 7/8 
245 0 0 |a Employer perspectives on employment of people with disabilities. 
264 1 |a [Washington, DC] :  |b U.S. Dept. of Labor, Office of Disability Employment Policy,  |c [2009] 
300 |a 1 online resource (6 unnumbered pages) :  |b color illustrations 
336 |a text  |b txt  |2 rdacontent 
337 |a computer  |b c  |2 rdamedia 
338 |a online resource  |b cr  |2 rdacarrier 
500 |a Title from title screen (viewed on Sept. 7, 2011). 
500 |a "06/09." 
500 |a Electronic resource. 
650 0 |a People with disabilities  |x Employment  |z United States. 
650 0 |a Employer attitude surveys  |z United States. 
710 1 |a United States.  |b Office of Disability Employment Policy. 
856 4 0 |u https://purl.fdlp.gov/GPO/gpo12341  |t 0 
999 |a MARS 
999 f f |s 3e494fd2-082f-3354-89e5-91421e8ce2bc  |i 48d4e5e1-96bd-38a3-938b-5d44018291c6  |t 0 
952 f f |a Texas A&M University  |b College Station  |c Electronic Resources  |d Available Online  |t 0  |e L 41.2:EM 7/8  |h Superintendent of Documents classification 
998 f f |a L 41.2:EM 7/8  |t 0  |l Available Online